| 000 | 00866nam a22002897a 4500 | ||
|---|---|---|---|
| 001 | BR0100663 | ||
| 003 | BR-BrBNA | ||
| 005 | 20230928100802.0 | ||
| 007 | ta | ||
| 008 | 230509b bl.||||| |||| 00| 0 por d | ||
| 040 |
_aBR-BrBNA _bpor _cBiblioteca Nacional de Agricultura |
||
| 041 | _a(Por) | ||
| 072 | _aL01 | ||
| 090 | _ L01 BR0100663 | ||
| 110 | 1 |
_aFundacao Cargill, Piracicaba, SP (Brasil) _94792 |
|
| 111 | 1 |
_aSimposio Sobre Producao Animal _cPiracicaba, SP (Brazil) _d16-20 Jul 1982 |
|
| 245 | 1 | _aAnais do Simposio sobre Producao Animal | |
| 260 | 3 |
_aPiracicaba, SP (Brasil): _c1982. |
|
| 300 | _a347 p. | ||
| 500 | _a18 tables; 35 ref.; 13 illus. | ||
| 650 | _aProducao Animal | ||
| 650 | _aNutricao Animal | ||
| 650 | _aMelhoramento Genetico Animal | ||
| 650 | _aComportamento Animal | ||
| 909 |
_a202309 _bLucia _c55 _dLucia Elande |
||
| 942 | _cBK | ||
| 999 |
_c62794 _d62794 |
||